Mariano de Jesús Torres : (Record no. 35961)

MARC details
000 -LEADER
fixed length control field 00844 a2200193 4500
008 - FIXED-LENGTH DATA ELEMENTS--GENERAL INFORMATION
fixed length control field 130108t mx||||| |||| 00| 0 spa d
020 ## - INTERNATIONAL STANDARD BOOK NUMBER
International Standard Book Number 9709056565
050 04 - LIBRARY OF CONGRESS CALL NUMBER
Classification number F1391 .M8 .53 .T67
Item number P56 1999
100 1# - MAIN ENTRY--PERSONAL NAME
Personal name Pineda Soto, Adriana
245 10 - TITLE STATEMENT
Title Mariano de Jesús Torres :
Remainder of title un polígrafo moreliano /
Statement of responsibility, etc Adriana Pineda Soto.
250 ## - EDITION STATEMENT
Edition statement 1a. ed.
260 ## - PUBLICATION, DISTRIBUTION, ETC. (IMPRINT)
Place of publication, distribution, etc Morelia, Michoacán de Ocampo, Mexico :
Name of publisher, distributor, etc UMSNH, Instituto de Investigaciones Históricas : Sociedad Mexicana de Geografía y Estadística,
Date of publication, distribution, etc 1999
300 ## - PHYSICAL DESCRIPTION
Extent 212 p. :
Other physical details il. ;
Dimensions 23 cm.
440 #0 - SERIES STATEMENT/ADDED ENTRY--TITLE
Title Historia Nuestra ;
Number of part/section of a work No. 18
504 ## - BIBLIOGRAPHY, ETC. NOTE
Bibliography, etc Bibliografía: p. 199-205 e índice
600 17 - SUBJECT ADDED ENTRY--PERSONAL NAME
Source of heading or term LEMB
Personal name Torres, Mariano de Jesús,
Dates associated with a name [1838-1921]
Form subdivision Biografía
650 #7 - SUBJECT ADDED ENTRY--TOPICAL TERM
Source of heading or term LEMB
Topical term or geographic name as entry element Periodistas michoacanos
Geographic subdivision Morelia (Michoacán de Ocampo)
General subdivision Historia
Geographic subdivision México
Form subdivision Biografías
942 ## - ADDED ENTRY ELEMENTS (KOHA)
Source of classification or shelving scheme Biblioteca del Cogreso de los Estados Unidos
Koha item type Libro
Holdings
Estado de pérdida Fuente de clasificación Estado del daño No para préstamo Ubicación permanente Ubicación actual Apartado o colección Fecha de adquisición Edición Dependencia de educación superior (DES) Área del conocimiento Clasificación Código de Barras Date last seen Número de copia Costo por reposición Tipo de recurso
  Biblioteca del Cogreso de los Estados Unidos     Biblioteca del Instituto de Investigaciones Históricas Biblioteca del Instituto de Investigaciones Históricas Fondo Michoacán 08/01/2013 1a ed. Humanidades Ciencias Sociales y Administrativas F1391.M8.53.T67 P56 1999 IIH000010168 08/01/2013 C: 1 1.00 Libro
  Biblioteca del Cogreso de los Estados Unidos     Biblioteca del Instituto de Investigaciones Históricas Biblioteca del Instituto de Investigaciones Históricas Fondo Michoacán 08/01/2013 1a ed. Humanidades Ciencias Sociales y Administrativas F1391.M8.53.T67 P56 1999 IIH000010169 08/01/2013 C: 2 1.00 Libro
  Biblioteca del Cogreso de los Estados Unidos     Biblioteca del Instituto de Investigaciones Históricas Biblioteca del Instituto de Investigaciones Históricas Fondo Michoacán 08/01/2013 1a ed. Humanidades Ciencias Sociales y Administrativas F1391.M8.53.T67 P56 1999 IIH000010170 08/01/2013 C: 3 1.00 Libro